| 000 | 01361naa a22002897a 4500 | ||
|---|---|---|---|
| 001 | BR9600393 | ||
| 003 | BR-BrBNA | ||
| 005 | 20240918181811.0 | ||
| 007 | ta | ||
| 008 | 230509b bl.||||| |||| 00| 0 por d | ||
| 040 |
_aBR-BrBNA _bpor _cBiblioteca Nacional de Agricultura |
||
| 041 | _a(Pt) | ||
| 072 |
_aH50 _b3240 |
||
| 090 | _aH50 BR9600393 | ||
| 100 | 1 | _aHiga, R.C.V. | |
| 111 | 1 |
_a1. Congresso Florestal Panamericano7. Congresso Florestal Brasileiro _cCuritiba, PR (Brazil) _d19-24 Sep 1993 |
|
| 245 | 1 | _aEfeito do Aba (acido abscisico)na resistencia a geadas de Eucalyptus viminalis Labill | |
| 260 | 3 |
_aCuritiba, PR (Brasil): _c1993. |
|
| 500 | _aAnais, 1. Congresso Florestal Panamericano. 7. Congresso Florestal Brasileiro. Floresta para desenvolvimento: politica, ambiente, tecnologia e mercado. Trabalhos voluntarios e posters. v. 1. Curitiba, PR (Brasil): 1993. p. 113-116 (BR9600393-AM)H50 | ||
| 650 | _aEucalipto | ||
| 650 | _aGeada | ||
| 650 | _aAcido Abscisico | ||
| 650 | _aResistencia a Temperatura | ||
| 773 | 0 |
_tAnais, 1. Congresso Florestal Panamericano. 7. Congresso Florestal Brasileiro. Floresta para desenvolvimento: politica, ambiente, tecnologia e mercado. Trabalhos voluntarios e posters. v. 1. _wH50 BR9600393 _gCuritiba, PR (Brasil), 1993. p. 113-116 |
|
| 909 |
_a202404 _bLucia _c55 _dLucia Elande |
||
| 942 |
_cAM _2AGRIS |
||
| 999 |
_c326904 _d326904 |
||